Catholic University of Zimbabwe Library
Online Public Access Catalogue
(OPAC)

Regime Change in the Yugoslav Successor States (Record no. 23811)

MARC details
000 -LEADER
fixed length control field 02635cam a22005534a 4500
001 - CONTROL NUMBER
control field muse1427
003 - CONTROL NUMBER IDENTIFIER
control field MdBmJHUP
005 - DATE AND TIME OF LATEST TRANSACTION
control field 20210127150857.0
006 - FIXED-LENGTH DATA ELEMENTS--ADDITIONAL MATERIAL CHARACTERISTICS
fixed length control field m o d
007 - PHYSICAL DESCRIPTION FIXED FIELD--GENERAL INFORMATION
fixed length control field cr||||||||nn|n
008 - FIXED-LENGTH DATA ELEMENTS--GENERAL INFORMATION
fixed length control field 090612s2010 mdu o 00 0 eng d
010 ## - LIBRARY OF CONGRESS CONTROL NUMBER
Canceled/invalid LC control number 2009023832
020 ## - INTERNATIONAL STANDARD BOOK NUMBER
International Standard Book Number 9780801899195
020 ## - INTERNATIONAL STANDARD BOOK NUMBER
International Standard Book Number 0801899192
020 ## - INTERNATIONAL STANDARD BOOK NUMBER
Canceled/invalid ISBN 9780801894299 (hardcover : alk. paper)
020 ## - INTERNATIONAL STANDARD BOOK NUMBER
Canceled/invalid ISBN 0801894298 (hardcover : alk. paper)
035 ## - SYSTEM CONTROL NUMBER
System control number (OCoLC)793202948
040 ## - CATALOGING SOURCE
Original cataloging agency MdBmJHUP
Transcribing agency MdBmJHUP
043 ## - GEOGRAPHIC AREA CODE
Geographic area code e-yu---
050 04 - LIBRARY OF CONGRESS CALL NUMBER
Classification number DR1255
Item number .B63 2010
082 0# - DEWEY DECIMAL CLASSIFICATION NUMBER
Classification number 949.703
Edition number 22
100 1# - MAIN ENTRY--PERSONAL NAME
Personal name Boduszyński, Mieczysław P.,
Dates associated with a name 1974-
245 10 - TITLE STATEMENT
Title Regime Change in the Yugoslav Successor States
Remainder of title Divergent Paths toward a New Europe /
Statement of responsibility, etc. Mieczysław P. Boduszyński.
264 #1 - PRODUCTION, PUBLICATION, DISTRIBUTION, MANUFACTURE, AND COPYRIGHT NOTICE
Name of producer, publisher, distributor, manufacturer Johns Hopkins University Press,
264 #3 - PRODUCTION, PUBLICATION, DISTRIBUTION, MANUFACTURE, AND COPYRIGHT NOTICE
Name of producer, publisher, distributor, manufacturer Project MUSE,
300 ## - PHYSICAL DESCRIPTION
Extent 1 online resource (xx, 333 p.) :
Other physical details ill., map ;
490 0# - SERIES STATEMENT
Series statement Democratic transition and consolidation
504 ## - BIBLIOGRAPHY, ETC. NOTE
Bibliography, etc. note Includes bibliographical references and index.
505 00 - FORMATTED CONTENTS NOTE
Miscellaneous information Introduction:
Title Explaining regime change in the Yugoslav successor states --
-- Post-communist diversity --
-- Characterizing regime type --
-- The development of disparity --
-- Simulated democracy : Croatia's transition in the 1990s --
-- Simulated democracy : Slovenia's transition in the 1990s --
-- Illegitimate democracy : Macedonia's transition in the 1990s --
-- Populist authoritarianism : the Federal Republic of Yugoslavia's transition in the 1990s --
-- The Yugoslav successor states in the new millenium --
Miscellaneous information Conclusions.
506 0# - RESTRICTIONS ON ACCESS NOTE
Terms governing access Open Access
Standardized terminology for access restriction Unrestricted online access
Source of term star
588 ## - SOURCE OF DESCRIPTION NOTE
Source of description note Description based on print version record.
650 #0 - SUBJECT ADDED ENTRY--TOPICAL TERM
Topical term or geographic name entry element Democracy
Geographic subdivision Former Yugoslav republics.
650 #0 - SUBJECT ADDED ENTRY--TOPICAL TERM
Topical term or geographic name entry element Post-communism
Geographic subdivision Former Yugoslav republics.
650 #0 - SUBJECT ADDED ENTRY--TOPICAL TERM
Topical term or geographic name entry element Self-determination, National
Geographic subdivision Former Yugoslav republics.
650 #0 - SUBJECT ADDED ENTRY--TOPICAL TERM
Topical term or geographic name entry element Regime change
Geographic subdivision Former Yugoslav republics.
651 #0 - SUBJECT ADDED ENTRY--GEOGRAPHIC NAME
Geographic name Former Yugoslav republics
General subdivision Foreign relations.
651 #0 - SUBJECT ADDED ENTRY--GEOGRAPHIC NAME
Geographic name Former Yugoslav republics
General subdivision Politics and government.
655 #7 - INDEX TERM--GENRE/FORM
Genre/form data or focus term Electronic books.
Source of term local
710 2# - ADDED ENTRY--CORPORATE NAME
Corporate name or jurisdiction name as entry element Project Muse.
Relator term distributor
830 #0 - SERIES ADDED ENTRY--UNIFORM TITLE
Uniform title Democratic transition and consolidation.
830 #0 - SERIES ADDED ENTRY--UNIFORM TITLE
Uniform title Book collections on Project MUSE.
856 40 - ELECTRONIC LOCATION AND ACCESS
Public note Full text available:
Uniform Resource Identifier <a href="https://muse.jhu.edu/book/473/">https://muse.jhu.edu/book/473/</a>
945 ## - LOCAL PROCESSING INFORMATION (OCLC)
a Project MUSE - 2010 Political Science and Policy Studies
945 ## - LOCAL PROCESSING INFORMATION (OCLC)
a Project MUSE - 2010 Complete
Holdings
Withdrawn status Lost status Source of classification or shelving scheme Damaged status Not for loan Home library Current library Shelving location Date acquired Total Checkouts Full call number Date last seen Uniform Resource Identifier Price effective from Koha item type
          Digital Library Digital Library Online Access 27.01.2021   DR1255 .B63 2010 27.01.2021 https://muse.jhu.edu/book/473/ 27.01.2021 eBook

OPENING HOURS

Weekdays: 0815hrs - 1800hrs
Weekends:0900hrs - 1200hrs

Closed for Mass:

Mon, Thur: 1200hrs - 1300hrs
Sunday & Public Holiday’s

CALL SUPPORT

0242-570570, 0242-570169
09200664, +263 8644140602

LOCATION

18443, Cranborne Avenue, Hatfield, Harare

Other Links


©2021 | CUZ Library